Расчет амортизации шасси самолета: учебное пособие

Bibliografiske detaljer
Hovedforfatter: Хазанов Х. С. Хацкель Соломонович
Institution som forfatter: Куйбышевский авиационный институт им. С. П. Королева
Andre forfattere: Тарасов Ю. Л. Юрий Леонидович
Sprog:russisk
Udgivet: Куйбышев, Изд-во КуАИ, 1970
Udgivelse:2-е изд., доп.
Fag:
Format: Bog
KOHA link:https://koha.lib.tpu.ru/cgi-bin/koha/opac-detail.pl?biblionumber=143660

MARC

LEADER 00000nam0a2200000 4500
001 143660
005 20231031143307.0
020 |a RU  |b 85-54676 
035 |a (RuTPU)RU\TPU\book\155686 
090 |a 143660 
100 |a 20080922d1970 m a0rusy5003 ca 
101 0 |a rus 
102 |a RU 
105 |a a j 001zy 
200 1 |a Расчет амортизации шасси самолета  |e учебное пособие  |f Х. С. Хазанов, Ю. Л. Тарасов  |g Куйбышевский авиационный институт им. С. П. Королева 
205 |a 2-е изд., доп. 
210 |a Куйбышев  |c Изд-во КуАИ  |d 1970 
215 |a 52 с.  |c ил. 
610 1 |a самолеты 
610 1 |a шасси 
610 1 |a расчет 
610 1 |a амортизация 
675 |a 629.735.02(02)  |v 3 
700 1 |a Хазанов  |b Х. С.  |g Хацкель Соломонович 
701 1 |a Тарасов  |b Ю. Л.  |g Юрий Леонидович 
712 0 2 |a Куйбышевский авиационный институт им. С. П. Королева  |2 stltpush  |3 (RuTPU)RU\TPU\col\8161 
801 0 |a RU  |b RuMRKP  |c 19950704  |g psbo 
801 1 |a RU  |b 63413507  |c 20080922  |g PSBO 
801 2 |a RU  |b 63413507  |c 20160321  |g PSBO 
942 |c BK